000 00794nam a22002177a 4500
999 _c19622
_d19622
003 AR-CdUCM
008 190518b ||||| |||| 00| 0 spa d
040 _aMUNICIPALIDAD PROVINCIAL DEL CUSCO
_cBIBLIOTECA MUNICIPAL DEL CUSCO
082 _a372 /
_bG85
100 _aGuarnero, Luisa
_941068
245 _aIntroducción a la psicología científica y pedagógica /
260 _aValencia :
_bMarfil,
_c1965.
300 _a248 páginas ;
_c24 cm.
505 _aContenido : Relación entre alma y cuerpo -- Fases del desarrollo físico- psíquico -- Desarrollo del niño e el primer año de su vida...
650 _apsicología pedagógica
_94599
650 _aTemperamento
_940025
650 _aCarácter
_916709
650 _aVida psíquica
_925699
942 _2ddc
_cLIBROS
945 _arcc